Online
Catalog

Working the boundaries : (Record no. 942)

MARC details
000 -CABECERA
campo de control de longitud fija 01875cam a2200385 i 4500
001 - NÚMERO DE CONTROL
campo de control 000000953
003 - IDENTIFICADOR DEL NÚMERO DE CONTROL
campo de control DO-SdBNP
005 - FECHA Y HORA DE LA ÚLTIMA TRANSACCIÓN
campo de control 20260310131239.0
007 - CAMPO FIJO DE DESCRIPCIÓN FÍSICA--INFORMACIÓN GENERAL
campo de control de longitud fija ta
008 - DATOS DE LONGITUD FIJA--INFORMACIÓN GENERAL
campo de control de longitud fija 050218s2005 ncub b 001 0 eng
020 ## - NÚMERO INTERNACIONAL ESTÁNDAR DEL LIBRO
Número Internacional Estándar del Libro 082233626X
020 ## - NÚMERO INTERNACIONAL ESTÁNDAR DEL LIBRO
Número Internacional Estándar del Libro 0822336154
040 ## - FUENTE DE LA CATALOGACIÓN
Centro catalogador/agencia de origen DO-SdBNP
Lengua de catalogación spa
Centro/agencia transcriptor BNPHU
082 #4 - NÚMERO DE LA CLASIFICACIÓN DECIMAL DEWEY
Número de clasificación 330.972
Número de documento/Ítem G335w
Número de edición 22
100 1# - ENTRADA PRINCIPAL--NOMBRE DE PERSONA
Nombre de persona Genova, Nicholas De,
Término indicativo de función/relación autor
Código de función/relación aut.
9 (RLIN) 3343
245 10 - MENCIÓN DE TÍTULO
Título Working the boundaries :
Resto del título race, space, and "illegality" in Mexican Chicago /
Mención de responsabilidad, etc. Nicholas De Genova.
260 #1 - PUBLICACIÓN, DISTRIBUCIÓN, ETC.
Lugar de publicación, distribución, etc. Durham, N.C. :
Nombre del editor, distribuidor, etc. Duke University Press,
Fecha de publicación, distribución, etc. 2005.
300 ## - DESCRIPCIÓN FÍSICA
Extensión xvi, 329 páginas :
Otras características físicas mapas ;
Dimensiones 23 cm.
336 ## - TIPO DE CONTENIDO
Término de tipo de contenido texto
Código de tipo de contenido txt
Fuente rdacontent
337 ## - TIPO DE MEDIO
Nombre/término del tipo de medio sin mediación
Código del tipo de medio n
Fuente rdamedia
338 ## - TIPO DE SOPORTE
Nombre/término del tipo de soporte volumen
Código del tipo de soporte nc
Fuente rdacarrier
504 ## - NOTA DE BIBLIOGRAFÍA, ETC.
Nota de bibliografía, etc. Bibliografía : páginas [281]-309.
505 1# - NOTA DE CONTENIDO CON FORMATO
Nota de contenido con formato Introduction : working the boundaries -- Decolonizing ethnography -- The "native's point of view" : immigration and the immigrant as objects of U.S. nationalism -- Locating a Mexican Chicago in the space of the U.S. nation-state -- The politics of production -- Reracialization : between "Americans" and Blacks -- The legal production of Mexican/migrant "illegality".
650 #4 - PUNTO DE ACCESO ADICIONAL DE MATERIA--TÉRMINO DE MATERIA
Término de materia o nombre geográfico como elemento de entrada Méxicanos americanos
Subdivisión geográfica Illinois
-- Chicago
Subdivisión general Condiciones sociales
9 (RLIN) 3344
650 #4 - PUNTO DE ACCESO ADICIONAL DE MATERIA--TÉRMINO DE MATERIA
Término de materia o nombre geográfico como elemento de entrada Mexicanos
Subdivisión geográfica Illinois
-- Chicago
Subdivisión general Condiciones sociales
9 (RLIN) 3345
650 #4 - PUNTO DE ACCESO ADICIONAL DE MATERIA--TÉRMINO DE MATERIA
Término de materia o nombre geográfico como elemento de entrada Inmigrantes
Subdivisión geográfica Illinois
-- Chicago
Subdivisión general Condiciones sociales
9 (RLIN) 3346
650 #4 - PUNTO DE ACCESO ADICIONAL DE MATERIA--TÉRMINO DE MATERIA
Término de materia o nombre geográfico como elemento de entrada Extranjeros ilegales
Subdivisión geográfica Illinois
-- Chicago
Subdivisión general Condiciones sociales
9 (RLIN) 3347
650 #4 - PUNTO DE ACCESO ADICIONAL DE MATERIA--TÉRMINO DE MATERIA
Término de materia o nombre geográfico como elemento de entrada Nacionalismo
Subdivisión geográfica Estados Unidos
9 (RLIN) 10966
650 #4 - PUNTO DE ACCESO ADICIONAL DE MATERIA--TÉRMINO DE MATERIA
Término de materia o nombre geográfico como elemento de entrada Emigración e inmigración
Subdivisión general Aspectos políticos
Subdivisión geográfica Estados Unidos
9 (RLIN) 3352
650 #4 - PUNTO DE ACCESO ADICIONAL DE MATERIA--TÉRMINO DE MATERIA
Término de materia o nombre geográfico como elemento de entrada México americanos
9 (RLIN) 3353
651 #4 - PUNTO DE ACCESO ADICIONAL DE MATERIA--NOMBRE GEOGRÁFICO
Nombre geográfico Chicago (Illinois)
Subdivisión general Relaciones raciales
9 (RLIN) 3348
651 #4 - PUNTO DE ACCESO ADICIONAL DE MATERIA--NOMBRE GEOGRÁFICO
Nombre geográfico Chicago (Illinois)
Subdivisión general Emigración e inmigración
9 (RLIN) 3349
651 #4 - PUNTO DE ACCESO ADICIONAL DE MATERIA--NOMBRE GEOGRÁFICO
Nombre geográfico México
Subdivisión general Emigración e inmigración
9 (RLIN) 3350
942 ## - ELEMENTOS DE PUNTO DE ACCESO ADICIONAL (KOHA)
Fuente del sistema de clasificación o colocación Dewey Decimal Classification
Tipo de ítem Koha Libro
Holdings
Estado de retiro Estado de pérdida Fuente del sistema de clasificación o colocación Restricciones de uso No para préstamo Código de colección Localización permanente Ubicación/localización actual Ubicación en estantería Fecha de adquisición Total de préstamos Signatura topográfica completa Código de barras Fecha visto por última vez Precio válido a partir de Tipo de ítem Koha
    Dewey Decimal Classification Préstamo en sala   General Biblioteca Nacional Pedro Henríquez Ureña Biblioteca Nacional Pedro Henríquez Ureña En catalogación 22.09.2009   BNPHU GR 330.972 G335w 953-10 25.06.2020 25.06.2020 Libro

Powered by Koha